00736nam a2200253Ia 4500001000900000003000500009005001700014008004100031010001100072020002200083040000900105082002000114100003200134245010500166250001100271260003500282300001100317503000700328504003100335650003300366650002600399650002700425650003000452dia_3209CHAP20230327101338.0220117s2007 xx 000 0 und d a173707 a978-970-15-1281-4 cCHAP a153.22 H47 2007 aHernández Forte, Virgilio aMapas conceptuales : la gestión del conocimiento en la didáctica /c Virgilio Hernández Forte a2a ed. aMéxico :b Alfaomega,c2007 a316 p. aC. aBibliografía: p. 281-283 aEstrategias de aprendizaje  aLearning strategies  aMental representations aRepresentación mental